00297nam a2200121Ia 4500008004100000100001700041245002200058260004100080300000800121650002400129942000700153999001500160190216s9999||||xx |||||||||||||| ||und|| aIra N Levine 0aQuantum Chemistry bPrentice Hall Of India Pvt Ltdc2001 a739 aChemistry-Chemistry cBK c3442d3442